Welcome to the Holygrace Academy Library

Please use search bar below to get started

THE INIMITABLE JEEVES (Record no. 5044)

MARC details
000 -LEADER
fixed length control field 00629nam a22001457a 4500
020 ## - INTERNATIONAL STANDARD BOOK NUMBER
ISBN 978-0-09-951368-1
082 ## - DEWEY DECIMAL CLASSIFICATION NUMBER
Classification number 823
Item number WOD/I
100 ## - MAIN ENTRY--AUTHOR NAME
Personal name WODEHOUSE
245 ## - TITLE STATEMENT
Title THE INIMITABLE JEEVES
260 ## - PUBLICATION, DISTRIBUTION, ETC. (IMPRINT)
Place of publication LONDON
Name of publisher ARROW BOOKS
Year of publication 2008
300 ## - PHYSICAL DESCRIPTION
Number of Pages 252
520 ## - SUMMARY, ETC.
Summary, etc In typical Wodehouse fashion, The Inimitable Jeeves doesn't focus on a central plot, but instead a mapping of mini-escapades centered around the fashionably clueless Bertie and his clever butler, Jeeves, as they navigate the pompous upper class world of British aristocracy, running into some right rummy characters
650 ## - SUBJECT ADDED ENTRY--TOPICAL TERM
Topical Term NOVEL
Geographic subdivision UNITED KINGDOM
942 ## - ADDED ENTRY ELEMENTS (KOHA)
Koha item type Books
Holdings
Withdrawn status Lost status Collection code Home library Current library Shelving location Date acquired Source of acquisition Cost, normal purchase price Full call number Accession Number Koha item type
    Fiction Main Library Main Library SHELF 15B-U,V,W SECTION NOVELS& FICTION 18/10/2018 purchase 299.00 823 WOD/I 10292 Books